|
|
|
|
| LEADER |
00653nab a2200181 i 4500 |
| 001 |
acta7072 |
| 005 |
20210129130835.0 |
| 008 |
161015s2000 hu o 0|| hun d |
| 022 |
|
|
|a 0324-6523
|
| 040 |
|
|
|a SZTE Egyetemi Kiadványok Repozitórium
|b hun
|
| 041 |
|
|
|a hun
|
| 100 |
2 |
|
|a Tóthné Fábián Eszter
|
| 245 |
1 |
0 |
|a Házassági vagyonjog
|h [elektronikus dokumentum] :
|b de lege ferenda /
|c Tóthné Fábián Eszter
|
| 260 |
|
|
|c 2000
|
| 300 |
|
|
|a 509-519
|
| 490 |
0 |
|
|a Acta Universitatis Szegediensis : acta juridica et politica
|v 58 No. 1-41
|
| 695 |
|
|
|a Jogtudomány
|
| 856 |
4 |
0 |
|u http://acta.bibl.u-szeged.hu/7072/1/juridpol_058_509-519.pdf
|z Dokumentum-elérés
|